00732nam a22002177a 450000500170000001000150001702000260003203500130005803700130007108200120008410000180009624500700011426000330018427000460021730000230026350000400028670000200032694200260034699900170037295201250038920140808164833.0 aENG-110349 a9789350623220c225.00 aEN-93881 bDBAD/PUB a658.404 aAhuja, Vanita aIndian project management /cby Vanita Ahuja [and] Sangeeta Sinha aNew DelhibExcel Booksc2013 aA-45, Naraina, Phase IbNew Delhie110028 ax,142p.c24cm(pbk) aIncludes bibliographical references aSinha, Sangeeta 2ddccENmAHUh658.404 c86270d86270 001040718NFICaDBADbDBADd2014-07-02eDBAD/PUBg225.00l0o658.404 AHUpEN-93881r2014-07-02 00:00:00t1v225.00yEN